| 000 | 00445nam a2200169 a 4500 | ||
|---|---|---|---|
| 001 | 000045464 | ||
| 003 | DO-SdBNP | ||
| 005 | 20211014122244.0 | ||
| 007 | ta | ||
| 008 | 150407s1996 dr a 000 0 spa d | ||
| 040 |
_aDO-SdBNP _bspa _cBNPHU |
||
| 100 | 1 |
_aCarrón, Lorelay _973010 |
|
| 245 | 1 | 0 |
_aY se los llevó el sol / _cLorelay Carrón. |
| 260 |
_aSanto Domingo : _bCompás, _c1996. |
||
| 300 |
_a46 p. : _bil. ; _c26 cm. |
||
| 942 |
_2ddc _cLBS1 |
||
| 999 |
_c44953 _d44953 |
||